<?xml version="1.0" encoding="UTF-8"?><?xml-stylesheet type="text/xsl" href="static/style.xsl"?><OAI-PMH xmlns="http://www.openarchives.org/OAI/2.0/" xmlns:xsi="http://www.w3.org/2001/XMLSchema-instance" xsi:schemaLocation="http://www.openarchives.org/OAI/2.0/ http://www.openarchives.org/OAI/2.0/OAI-PMH.xsd"><responseDate>2026-04-17T22:21:00Z</responseDate><request verb="GetRecord" identifier="oai:www.recercat.cat:20.500.12327/2479" metadataPrefix="marc">https://recercat.cat/oai/request</request><GetRecord><record><header><identifier>oai:recercat.cat:20.500.12327/2479</identifier><datestamp>2025-10-22T11:01:04Z</datestamp><setSpec>com_2072_4428</setSpec><setSpec>com_2072_4427</setSpec><setSpec>col_2072_487898</setSpec></header><metadata><record xmlns="http://www.loc.gov/MARC21/slim" xmlns:dcterms="http://purl.org/dc/terms/" xmlns:xsi="http://www.w3.org/2001/XMLSchema-instance" xmlns:doc="http://www.lyncode.com/xoai" xsi:schemaLocation="http://www.loc.gov/MARC21/slim http://www.loc.gov/standards/marcxml/schema/MARC21slim.xsd">
   <leader>00925njm 22002777a 4500</leader>
   <datafield ind2=" " ind1=" " tag="042">
      <subfield code="a">dc</subfield>
   </datafield>
   <datafield ind2=" " ind1=" " tag="720">
      <subfield code="a">Morales, Rodrigo</subfield>
      <subfield code="e">author</subfield>
   </datafield>
   <datafield ind2=" " ind1=" " tag="720">
      <subfield code="a">Folch, Carolina</subfield>
      <subfield code="e">author</subfield>
   </datafield>
   <datafield ind2=" " ind1=" " tag="720">
      <subfield code="a">Iraira, Sergio</subfield>
      <subfield code="e">author</subfield>
   </datafield>
   <datafield ind2=" " ind1=" " tag="720">
      <subfield code="a">Teuber, Nolberto</subfield>
      <subfield code="e">author</subfield>
   </datafield>
   <datafield ind2=" " ind1=" " tag="720">
      <subfield code="a">Esteve-Garcia, Enric</subfield>
      <subfield code="e">author</subfield>
   </datafield>
   <datafield ind2=" " ind1=" " tag="260">
      <subfield code="c">2012-01</subfield>
   </datafield>
   <datafield ind2=" " ind1=" " tag="520">
      <subfield code="a">In recent years, beef industry has improved production processes to ensure quality and certification for overseas meat&#xd;
markets. However, there is limited scientific information about the nutritional quality of beef from Chile. The aim of the&#xd;
present study was to evaluate the nutritional quality of beef produced in Chile from different production systems classified&#xd;
according to the type of finishing diet. Two-hundred and five animals from 13 livestock farms were used, 80 steers were&#xd;
finished on grazing pasture, 79 on pasture supplemented with grain or concentrate and 46 steers were finished on a typical&#xd;
feedlot system in the central zone of Chile. Longissimus thoracis intramuscular fat, fatty acid composition and cholesterol&#xd;
content were determined. Beef from pasture-fed animals showed higher content of vaccenic acid (C18:1 trans-11) rumenic&#xd;
acid (CLA cis-9 trans-11) and n-3 fatty acids, and lower n-6:n-3 ratio than beef from feedlot animals. However, Chilean&#xd;
beef from the three production systems showed similar intramuscular fat percentages and a n-6:n-3 ratio lower than 4.0.&#xd;
Results indicate that the Longissimus muscle from Chilean beef could be recommended as a source of red meat for a healthy&#xd;
diet.</subfield>
   </datafield>
   <datafield ind1="8" ind2=" " tag="024">
      <subfield code="a">Morales, Rogelio Alejandro Alonso, Carolina Serra Folch, Sergio Iraira, Nolberto Teuber, and C.E. Realini. “Nutritional Quality of Beef Produced in Chile from Different Production Systems.” 2012. Chilean Journal of Agricultural Research. 72 (1): 80–86. doi:10.4067/s0718-58392012000100013.</subfield>
   </datafield>
   <datafield ind1="8" ind2=" " tag="024">
      <subfield code="a">0718-5839</subfield>
   </datafield>
   <datafield ind1="8" ind2=" " tag="024">
      <subfield code="a">http://hdl.handle.net/20.500.12327/2479</subfield>
   </datafield>
   <datafield ind1="8" ind2=" " tag="024">
      <subfield code="a">http://dx.doi.org/10.4067/S0718-58392012000100013</subfield>
   </datafield>
   <datafield ind2="0" ind1="0" tag="245">
      <subfield code="a">Nutritional Quality of Beef Produced in Chile from Different Production Systems</subfield>
   </datafield>
</record></metadata></record></GetRecord></OAI-PMH>